Premiers ministres britanniques - Statistiques

Statistiques générales
  • Ce quiz a été pris 472 fois
  • Le résultat moyen est 12 sur 20
Statistiques - réponses
Hint Réponse % Correct
1940-1945 Winston Churchill
91%
1951-1955 Winston Churchill
91%
2019-2022 Boris Johnson
87%
1979-1990 Margaret Thatcher
86%
2016-2019 Theresa May
79%
2010-2016 David Cameron
75%
1997-2007 Tony Blair
75%
2022-2024 Rishi Sunak
74%
2022 Liz Truss
71%
2024 Keir Starmer
70%
2007-2010 Gordon Brown
50%
1990-1997 John Major
45%
1945-1951 Clement Atlee
44%
1964-1970 Harold Wilson
40%
1974-1976 Harold Wilson
40%
1955-1957 Anthony Eden
35%
1957-1963 Harold Macmillan
32%
1970-1974 Edward Heath
26%
1976-1979 James Callaghan
25%
1963-1964 Alec Douglas-Home
20%
Aucun quiz correspondant
Distribution des résultats
% des personnes avec chaque résultat
Percentile par nombre de réponses
Votre historique - résultats
Vous n’avez pas pris ce quiz